Lakes by Picture - Statistics

General Stats
  • This quiz has been taken 94 times
    77 since last reset
  • The average score is 7 of 20
Answer Stats
Picture Answer % Correct
Caspian Sea
95%
Loch Ness
93%
Dead Sea
92%
Lake Victoria
80%
Lake Como
64%
Lake Michigan
61%
Lake Geneva
42%
Crater Lake
31%
Lake Titicaca
29%
Lake Bled
25%
Great Salt Lake
24%
Lake Baikal
14%
Lake Malawi
12%
Lake Tahoe
10%
Lake Kawaguchi
7%
Lake Pichola
7%
Moraine Lake
7%
Lake Nakuru
3%
Lake Natron
3%
Lake Toba
2%
No matching quizzes found
Score Distribution
Percent of People with Each Score
Percentile by Number Answered
Your Score History
You have not taken this quiz since the last reset